书目信息 |
| 题名: |
Englishi prepositional Idioms
|
|
| 作者: | Frederickt.Wood | |
| 分册: | ||
| 出版信息: |
|
|
| 页数: | 561页 | |
| 开本: | 24cm | |
| 丛书名: | ||
| 单 册: | ||
| 中图分类: | H171 | |
| 科图分类: | ||
| 主题词: | 汉语方言 | |
| 电子资源: | ||
| ISBN: | ||
| 000 | 00437nam0 2200157 450 | |
| 001 | 202410301383396294 | |
| 005 | 20241112163524.28 | |
| 100 | @a20241030d km y0chiy0120 ea | |
| 101 | 0 | @achi |
| 200 | 1 | @aEnglishi prepositional Idioms@fFrederickt.Wood |
| 215 | @a561页@d24cm | |
| 606 | 0 | @a汉语方言 |
| 690 | @aH171@v4 | |
| 701 | 0 | @aFrederickt.Wood |
| 801 | 0 | @aCN@b大连网信软件有限公司图书馆·11@c20241112 |
| 905 | @aZUCC@b1428613@dH171@e112@f1 | |
| Englishi prepositional Idioms/Frederickt.Wood |
| 561页;24cm |
| ISBN : |
| ● |
| 相关链接 |
|
|
|
|
正题名:Englishi prepositional Idioms
索取号:H171/112
 
预约/预借
| 序号 | 登录号 | 条形码 | 馆藏地/架位号 | 状态 | 备注 |
| 1 | 1428613 | 214286137 | 密集书库—外国语学院/ [索取号:H171/112] | 在馆 |